Normal view MARC view

Entry Personal Name

Number of records used in: 2

001 - CONTROL NUMBER

  • control field: 449

003 - CONTROL NUMBER IDENTIFIER

  • control field: csc

005 - DATE AND TIME OF LATEST TRANSACTION

  • control field: 20140507162050.0

008 - FIXED-LENGTH DATA ELEMENTS

  • fixed length control field: 110907 a aaaaaaaaa a aaa

040 ## - CATALOGING SOURCE

  • Original cataloging agency: csc
  • Transcribing agency: csc

100 ## - HEADING--PERSONAL NAME

  • Personal name: Forrester, Philippa,
  • Dates associated with a name: 1968-

670 ## - SOURCE DATA FOUND

  • Source citation: Work cat.: (csc)0: Forrester, Philippa, 1968-, Halcyon River diaries /, 2010.

670 ## - SOURCE DATA FOUND

  • Source citation: Wikipedia WWW site, 17 Aug. 2005
  • Information found: (Philippa Forrester, b. 20 Sept. 1968, Winchester, Hampshire)